<?xml version="1.0" encoding="UTF-8"?>
<collection xmlns="http://www.loc.gov/MARC21/slim">
 <record>
  <leader>01217nam a2200193Ia 4500</leader>
  <controlfield tag="001">CTU_176264</controlfield>
  <controlfield tag="008">210402s9999    xx            000 0 und d</controlfield>
  <datafield tag="020" ind1=" " ind2=" ">
   <subfield code="c">62000</subfield>
  </datafield>
  <datafield tag="082" ind1=" " ind2=" ">
   <subfield code="a">294.3923</subfield>
  </datafield>
  <datafield tag="082" ind1=" " ind2=" ">
   <subfield code="b">Đ103</subfield>
  </datafield>
  <datafield tag="245" ind1=" " ind2="0">
   <subfield code="a">Đại thủ ấn</subfield>
  </datafield>
  <datafield tag="245" ind1=" " ind2="0">
   <subfield code="c">Đại đức Thích Minh Nghiêm (Soạn dịch)</subfield>
  </datafield>
  <datafield tag="260" ind1=" " ind2=" ">
   <subfield code="a">Hà Nội</subfield>
  </datafield>
  <datafield tag="260" ind1=" " ind2=" ">
   <subfield code="b">Thời đại</subfield>
  </datafield>
  <datafield tag="260" ind1=" " ind2=" ">
   <subfield code="c">2010</subfield>
  </datafield>
  <datafield tag="520" ind1=" " ind2=" ">
   <subfield code="a">Đại thủ ấn (zh. 大手印, sa. mahāmudrā, bo. chag-je chen-po ཕྱག་རྒྱ་ཆེན་པོ་) là một trong những giáo pháp tối thượng của Kim cương thừa (sa. vajrayāna), được truyền dạy trong tông phái Ca-nhĩ-cư (bo. kagyupa བཀའ་བརྒྱུད་པ་). của Tây Tạng. Trong tiếng Tây Tạng, Đại thủ ấn được hiểu là tâm ấn của sự chứng ngộ được tính Không (sa. śūnyatā), của việc giải thoát khỏi Luân hồi (sa. saṃsāra) và sự thông hiểu rằng, hai mặt đó không hề rời nhau.</subfield>
  </datafield>
  <datafield tag="650" ind1=" " ind2=" ">
   <subfield code="a">Buddhism,Đạo Phật</subfield>
  </datafield>
  <datafield tag="904" ind1=" " ind2=" ">
   <subfield code="i">Năm</subfield>
  </datafield>
  <datafield tag="980" ind1=" " ind2=" ">
   <subfield code="a">Trung tâm Học liệu Trường Đại học Cần Thơ</subfield>
  </datafield>
 </record>
</collection>
